000 00838cam a22002531 4500
999 _c8942
_d8942
001 8942
003 BD-JhCC
005 20180920092037.0
008 820331s1962 enka j 000 0 eng
035 _a(BD-JhCC)8942
040 _aDLC
_cOKentU
_dOCoLC
_dUk
_dDLC
_dBD-JhCC
041 _aeng
050 0 0 _aTK148
_b.B34
082 _a621.3
_bBAK 1962
100 1 _aBaker, George Edward,
_d1902-
245 1 0 _aPress of a switch;
_babout electricity and power stations /
_cwritten and illustrated by George Baker.
260 _aLondon,
_bOdhams Press
_c[1962]
300 _a160 p.
_bdiagrs.
_c22 cm.
500 _aLabel on t.p.: Transatlantic Arts, inc., Hollywood-by-the-Sea, Florida.
650 0 _aElectrical engineering
_vJuvenile literature.
650 0 _aElectric power-plants
_vJuvenile literature.
942 _2ddc
_cBK